[Event "AUT-ch M2 corr"]
[Site "Austria"]
[Date "1998.??.??"]
[Round "?"]
[White "Lampersberger, Erhard"]
[Black "Patocka, Franz"]
[Result "1-0"]
[WhiteElo "2015"]
[BlackElo "2040"]
[PlyCount "79"]
[EventDate "1998.??.??"]
[EventType "tourn (corr)"]
[EventRounds "10"]
[EventCountry "AUT"]
[SourceTitle "Corr 2000"]
[Source "ChessBase"]
[SourceDate "2000.04.19"]
[SourceVersion "1"]
[SourceVersionDate "2000.04.19"]
[SourceQuality "1"]

1. e4 c5 2. Nf3 d6 3. Bb5+ Bd7 4. Bxd7+ Qxd7 5. 0-0 Nc6 6. c3 Nf6 7. d4 Nxe4 8. d5 Ne5 9. Re1 Nxf3+ 10. Qxf3 Nf6 11. c4 e5 12. dxe6 fxe6 13. Nc3 Be7 14. Bg5 h6 15. Bh4 0-0-0 16. Qe2 e5 17. Bxf6 gxf6 18. Nd5 Rdg8 19. b4 cxb4 20. Rab1 Bd8 21. Rec1 Qh3 22. g3 Qe6 23. Qd3 Rg4 24. Rxb4 Kb8 25. Rcb1 Rg7 26. Qa3 b6 27. Qb3 Qc8 28. a4 Qc6 29. a5 Rb7 30. Qe3 Qc5 31. Qf3 Qxa5 32. Rb5 Qa2 33. Qd3 Qa4 34. Nb4 a6 35. Qxd6+ Ka8 36. Nc6 Be7 37. Nxe7 axb5 38. Nd5 Rhb8 39. Qc6 Qa2 40. Rxb5 1-0

[Event "AUT-ch M2 corr"]
[Site "Austria"]
[Date "1998.??.??"]
[Round "?"]
[White "Patocka, Franz"]
[Black "Haeusler, Kurt"]
[Result "1/2-1/2"]
[WhiteElo "2040"]
[BlackElo "1965"]
[PlyCount "35"]
[EventDate "1998.??.??"]
[EventType "tourn (corr)"]
[EventRounds "10"]
[EventCountry "AUT"]
[SourceTitle "Corr 2000"]
[Source "ChessBase"]
[SourceDate "2000.04.19"]
[SourceVersion "1"]
[SourceVersionDate "2000.04.19"]
[SourceQuality "1"]

1. d4 d6 2. e4 Nf6 3. Nc3 g6 4. f4 Bg7 5. Nf3 c5 6. Bb5+ Bd7 7. e5 Ng4 8. e6 fxe6 9. Ng5 Bxb5 10. Nxb5 Qa5+ 11. c3 Qxb5 12. Nxe6 Qc4 13. Qxg4 cxd4 14. f5 Bf6 15. fxg6 Rg8 16. g7 Nc6 17. Nc7+ Kd8 18. Ne6+ 1/2-1/2

[Event "AUT-ch email"]
[Site "Austria"]
[Date "1997.??.??"]
[Round "?"]
[White "Felber, Josef M"]
[Black "Patocka, Franz"]
[Result "0-1"]
[WhiteElo "1775"]
[BlackElo "1990"]
[PlyCount "86"]
[EventDate "1997.??.??"]
[EventType "tourn (corr)"]
[EventRounds "10"]
[EventCountry "AUT"]
[SourceTitle "E-Mail 2000"]
[Source "ChessBase"]
[SourceDate "2000.04.19"]
[SourceVersion "1"]
[SourceVersionDate "2000.04.19"]
[SourceQuality "1"]

1. d4 Nf6 2. c4 e6 3. Nf3 b6 4. g3 Bb7 5. Bg2 Be7 6. Nc3 Ne4 7. Bd2 Bf6 8. Qc2 Nxd2 9. Qxd2 0-0 10. e4 c5 11. 0-0 d6 12. Rad1 Nc6 13. d5 Ne5 14. Nxe5 Bxe5 15. dxe6 fxe6 16. f4 Bd4+ 17. Kh1 e5 18. Nb5 Qe7 19. b3 Rf6 20. Rfe1 h5 21. Nxd4 cxd4 22. Kg1 h4 23. f5 hxg3 24. hxg3 Rh6 25. Qd3 Qg5 26. Kf2 Rf8 27. Qd2 Qg4 28. Qe2 Qxe2+ 29. Rxe2 Kf7 30. Bf3 Rfh8 31. Red2 Kf6 32. Rg1 g6 33. fxg6 Kxg6 34. a4 Kg5 35. Ke1 Bc8 36. Rf1 Rh2 37. Bg2 Bh3 38. Bxh3 R2xh3 39. Rd3 Kg4 40. Rf6 Rh1+ 41. Ke2 R8h2+ 42. Rf2 Rxf2+ 43. Kxf2 Rh2+ 0-1